000 01789cam a22004574a 4500
001 13740421
003 ARRUPE
005 20150715135346.0
008 041005m20059999enk b 001 0 eng
010 _a 2004022853
015 _aGBA521875
_2bnb
016 7 _a013131061
_2Uk
020 _a1904768334
020 _a9781904768333
020 _a1904768342 (pbk.)
020 _a9781904768340 (pbk.)
020 _a9781904768357 (v. 2 : hbk.)
020 _a1904768350 (v. 2 : hbk.)
020 _a9781904768364 (v. 2 : pbk.)
020 _a1904768369 (v. 2 : pbk.)
035 _a(OCoLC)ocm56752966
040 _aDLC
_cDLC
_dUKM
_dC#P
_dBAKER
_dCOO
_dPUL
_dYUS
_dYDXCP
_dBTCTA
_dCUD
_dNLGGC
_dCLU
_dDLC
042 _apcc
050 0 0 _aP40
_b.H348 2005
082 0 0 _a306.44
_222
084 _a17.20
_2bcl
100 1 _aHasan, Ruqaiya.
_918105
245 1 4 _aThe collected works of Ruqaiya Hasan /
_cRuqaiya Hasan ; edited by Jonathan J. Webster.
260 _aLondon ;
_aOakville, CT :
_bEquinox Pub.,
_c2005-<2009 >
300 _a342p.;
_c24 cm. +
_e1 CD-ROM (4 3/4 in)
504 _aIncludes bibliographical references and index.
505 0 _av. 1. Language, society, and consciousness -- v.2. Meaning in society and in sociolinguistics
650 0 _aSociolinguistics.
_91467
650 0 _aSemiotics.
_913027
650 0 _aPhilosophy of mind.
_918106
700 1 _aWebster, Jonathan,
_d1955-
_917810
856 4 1 _3Table of contents
_uhttp://www.loc.gov/catdir/toc/ecip051/2004022853.html
906 _a7
_bcbc
_corignew
_d1
_eecip
_f20
_gy-gencatlg
942 _2lcc
_cMONOGRAPH
999 _c122916
_d122916